|
|
|
|
| LEADER |
00000nam a22000004a 4500 |
| 001 |
AR-BbUGT3854 |
| 003 |
AR-BbUGT |
| 005 |
20181220001814.0 |
| 007 |
ta |
| 008 |
061101t1950 ||| |0|||0| d |
| 040 |
|
|
|a AR-BbUGT
|b spa
|c AR-BbUGT
|
| 082 |
0 |
4 |
|a 571
|
| 245 |
0 |
0 |
|a HOMENAJE al Doctor Salvador Debenedetti; resoluciones de las autoridades de la Facultad de Filosofía y Letras y disertaciones pronunciadas en el acto académico realizado en el Aula Magna
|
| 260 |
|
|
|a Buenos Aires :
|b Coni,
|c 1950.
|
| 300 |
|
|
|a 24 p.
|
| 653 |
|
|
|a Pucará de Tilcara
|
| 653 |
|
|
|a Arqueología
|
| 942 |
|
|
|c BK
|h 571
|i H752B
|m D
|2 ddc
|6 571_000000000000000_H752B
|
| 999 |
|
|
|c 11170
|d 11170
|